|
|
|
|
| LEADER |
00000nam0a2200000 4500 |
| 001 |
29372 |
| 005 |
20231030203328.0 |
| 010 |
|
|
|a 052146997X
|
| 035 |
|
|
|a (RuTPU)RU\TPU\book\29632
|
| 035 |
|
|
|a BOOK00029707
|
| 090 |
|
|
|a 29372
|
| 100 |
|
|
|a 20011209d2000 u y0engy50 ba
|
| 101 |
0 |
|
|a eng
|
| 102 |
|
|
|a GB
|
| 105 |
|
|
|a f 000|y
|
| 200 |
1 |
|
|a Essential Grammar in Use Supplementary Exercises with Answers
|f H. Naylor, R. Murphy
|
| 210 |
|
|
|a Cambridge
|c Cambridge University Press
|d 2000
|
| 215 |
|
|
|a 106 с.
|
| 610 |
1 |
|
|a английский язык
|
| 610 |
1 |
|
|a учебные пособия
|
| 610 |
1 |
|
|a грамматика
|
| 686 |
|
|
|a Ш143.21-923.2
|v LBC/SL-A
|2 rubbk
|
| 686 |
|
|
|a Ш143.21-923.2
|v LBC/SL-A
|2 rubbk
|
| 700 |
|
1 |
|a Naylor
|g Helen
|
| 701 |
|
1 |
|a Murphy
|g Raymond
|
| 801 |
|
0 |
|a GB
|b 63413507
|c 20011209
|g PSBO
|
| 801 |
|
2 |
|a RU
|b 63413507
|c 20221130
|g PSBO
|
| 942 |
|
|
|c BK
|